| 000 | 00618cam a22002051 4500 | ||
|---|---|---|---|
| 001 | sa 68002024 | ||
| 003 | DLC | ||
| 005 | 20260227112439.0 | ||
| 008 | 710903s1967 ii a 00010 eng | ||
| 010 | _asa 68002024 //r93 | ||
| 040 |
_aDLC _cDLC _dDLC |
||
| 050 | 0 | 0 |
_aRJ101 _b.G65 |
| 082 | 0 | 0 | _a649 |
| 100 | 1 | 0 | _aGokulanathan, K. S. |
| 245 | 1 | 0 |
_aChild care in a developing community; _ba preliminary survey _c[by] K. S. Gokulanathan and K. P. Verghese. |
| 260 | 0 |
_aErnakulam, _bErnakulam Polyclinic, _c1967. |
|
| 300 |
_a72 p. _billus. _c23 cm. |
||
| 650 | 0 | _aChild care. | |
| 700 | 1 | 0 |
_aVerghese, K. P., _ejoint author. |
| 999 |
_c78393 _d78393 |
||